[Event "Club Championship 2024/5"]
[White "Van Kemenade, J."]
[Black "Atherton, Marcus"]
[Round "Rd 3"]
[Annotator "Van Kemenade,Rudy"]
[Result "1-0"]
[Date "2025.01.09"]
[WhiteElo "1636"]
[BlackElo "1538"]
[PlyCount "65"]
[GameId "2132416789822885"]
[EventDate "2025.??.??"]
[SourceVersionDate "2025.01.10"]

{[%evp 0,15,24,12,25,0,25,14,9,7,1,0,44,27,56,61,67,14]} 1. e4 c5 2. Nc3 d6 3. f4 g6 (3... Nc6 4. Bb5 Bd7 5. Nf3 Nf6 6. O-O a6 7. Bxc6 Bxc6 8. d3 g6 9. Kh1 Bg7 10. Be3 Qb6 11. Rb1 O-O 12. Nd2 Nd7 13. Rf3 {Bryant-Atherton, Oswestry ch rd1, 2024,1-0}) 4. Nf3 Bg7 5. Bc4 Nd7 {6.5-0.5} (5... Nc6 {main, 7553}) 6. d3 Ngf6 7. O-O Nb6 $146 (7... O-O 8. Qe1 $16 {2-0}) 8. Bb5+ (8. Bb3 O-O $16 {3-1}) (8. e5 {SF17} Ng4 (8... dxe5 9. fxe5 Ng4 10. Bf4 O-O (10... Nxc4 11. dxc4 Qxd1 12. Raxd1 Be6 13. Nd5 Bxd5 14. Rxd5 b6 15. h3 Nh6 16. Rfd1 O-O 17. Rd7 $18 {SF17})) 9. Bb3 dxe5 10. h3 e4 11. Nxe4 Nh6 (11... Nf6 12. Nxc5) 12. c3 Qc7 13. Be3 Nd7 14. Nh4 O-O 15. f5 $18 {SF17}) 8... Bd7 (8... Nfd7 9. a4 a6 10. Bxd7+ Nxd7 11. Qe1 b6 12. Bd2 Bb7 13. Qh4 e5 14. Qf2 Qe7 15. h4 O-O (15... O-O-O 16. Nd5 Bxd5 17. exd5 f5 18. Ng5 $16) 16. h5 $14 {SF17}) 9. Bxd7+ Qxd7 (9... Nbxd7 10. Qe1 O-O 11. Qh4 e6 12. Qh3 $16 {SF17}) 10. Ne2 (10. Qe1 O-O 11. a4 $16 {SF17}) 10... O-O-O {usually riskier than 0-0, as there is more empty space to defend and here is no exception. in addition Bl would be happier with a N on c6, rather than a target on b6} 11. c3 (11. a4 $1 $18 {SF17} Na8 12. a5 Nc7 13. Rb1 Kb8 14. b4 c4 15. Bb2 Rhg8 16. Kh1 Rc8 17. Bxf6 (17. Bd4) 17... Bxf6 18. dxc4 $18 {the Wh pawns will open up the Bl K position}) 11... Kb8 12. a4 Ne8 13. a5 Na8 (13... Nc8 {looks a little better, but} 14. b4 {SF17} cxb4 15. Rb1 bxc3 16. Be3 a6 17. Nfd4 Nf6 18. Nxc3 Ng4 19. Rxb7+ Qxb7 (19... Kxb7 20. Qb3+ Ka8 21. Rb1 Na7 22. Qd5+ Nc6 23. Rb6 $18 {SF17}) 20. Qxg4 $18 {SF17 The open file will decide as Wh has all pieces aimed at the K, while Bl's Rs are not taking part}) 14. Rb1 (14. a6 {SF17, but then shows how Bl can dig in} b6 15. d4 Nac7 16. Qb3 Rf8 17. Rd1 Qb5 18. Qc2 Nxa6 19. dxc5 bxc5 20. Be3 Rd7 21. Ra4 Rb7 22. b3 Nec7 23. Nc1 Kc8 $14) 14... Qb5 {trying to hold up the pawn advance, but Qs are not good blockaders as they become targets themselves} (14... Nac7 15. b4 Ka8 16. Qb3 cxb4 17. Qxb4 Na6 18. Qb3 f5 19. Be3 Rb8 20. c4 $18 {the Bl pieces are uncoordinated, with the h R offside}) 15. b4 c4 $5 {keeps the B file closed for the moment, but Wh will return down it eventually} 16. Nfd4 Qh5 (16... Qa6 17. b5 Qxa5 18. Be3 Nb6 19. Ra1 {the a file will be just as dangerous} Bxd4 20. Bxd4 $1 (20. Rxa5 Bxe3+ 21. Kh1 $18 {less powerful}) 20... Qxb5 21. dxc4 Qxc4 22. Bxh8 f6 23. Nd4 Rc8 24. e5 $18) 17. Nf3 (17. dxc4 {prevents the Q return to the Q side} Nf6 {Ng4 is no real threat} 18. a6 $18 e5 (18... Nxe4 19. axb7 Kxb7 20. Qd3 Nf6 21. f5 $18) 19. axb7 exd4 20. bxa8=Q+ Kxa8 21. Ra1) 17... Nf6 18. Ng3 (18. h3 {SF17} Nc7 19. e5 dxe5 20. Ng3 Qh6 21. fxe5 g5 22. Bxg5 Qg6 23. exf6 $18) 18... Qb5 19. Nd4 Qd7 (19... Qa6 20. Be3 (20. Qa4 b5 21. Qxb5+ (21. Nxb5 Nb6 22. Qa2 Qxb5 23. axb6 Qxb6+ 24. d4 $18 {but not the best}) 21... Qxb5 22. Nxb5 cxd3 23. Nd4 Rc8 24. b5 Rc4 25. Nc6+ Kc8 26. Rd1 Nxe4 27. Nxe4 Rxe4 28. Rxd3 Nc7 29. Be3 $18) 20... Nd7 21. Qa4 Bxd4 22. Bxd4 b5 23. Qa2 e5 24. fxe5 dxe5 25. Be3 Qe6 26. dxc4 Qxc4 27. Qxc4 bxc4 28. Rxf7 $18) 20. dxc4 $18 (20. b5 Rc8 21. dxc4 Rxc4 22. e5 Nd5 23. Nc6+ Rxc6 24. Qxd5 Rcc8 25. b6 $18 {SF17}) 20... h5 21. Re1 (21. b5 h4 22. Nc6+ (22. e5 hxg3 23. exf6 Bxf6 24. Nc6+) 22... Kc7 (22... Kc8 23. Nxa7+ Kc7 24. e5 dxe5 25. b6+ Kb8 26. Qxd7 Nxd7 27. Ne4 exf4 28. c5 Bh6 29. c6 $18) 23. Nxd8 Kxd8 24. e5 dxe5 25. fxe5 Ng4 26. e6 Qxd1 27. Rxd1+ Kc8 28. Ne4 fxe6 29. b6 $18 {SF17}) 21... h4 22. Nf1 e5 23. Nb5 (23. Nf3 h3 24. fxe5 hxg2 25. Ne3 dxe5 26. Qxd7 Rxd7 27. Nd5 Nxd5 28. exd5 f6 29. Be3 $18 {Sf17}) 23... a6 (23... Nc7 24. Qxd6 Qxd6 25. Nxd6 Rxd6 26. fxe5 Rd3 27. exf6 Bxf6 28. e5 Bg7 29. Bd2 h3 30. g3 Rhd8 31. Re2 $18 {SF17}) 24. Na3 (24. Qxd6+ Qxd6 25. Nxd6 Rxd6 26. fxe5 Rd3 27. exf6 Bxf6 28. Bf4+ Kc8 29. e5 Bg7 30. Rbd1 Rxc3 31. Nd2 Rf8 32. Ne4 Rc2 33. Nd6+ Kb8 34. Nf5 $1 {the followup is rather tricky to calculate though} gxf5 35. e6+ Kc8 36. exf7 Nc7 37. Re7 Rxc4 38. Bxc7 Bf6 39. Re8+ $18 {SF17}) 24... Qc6 (24... h3 25. g3 Nc7 26. b5 Ka8 27. bxa6 Nxa6 28. Nb5 $18 {SF17}) 25. Qe2 (25. Qf3 {is shown to be a better square in the continuation}) (25. b5 $1 axb5 (25... Qc5+ 26. Be3 $1 Qxa3 27. bxa6 Rd7 28. axb7 Rxb7 29. Ra1 Qb3 30. Qxd6+ Kc8 31. Qc6+ Nc7 32. a6 $18 {Bl's K side pieces are not taking part}) 26. Nxb5 Nxe4 27. a6 Nb6 28. Rxe4 Qxe4 29. a7+ Kc8 (29... Ka8 30. Nc7+ Kxa7 31. Be3 Kb8 32. Bxb6 $18) 30. Qxd6 Rxd6 31. Nxd6+ Kc7 32. Nxe4 $18 {SF17}) (25. Be3 Nxe4 26. b5 axb5 27. Nxb5 (27. cxb5 Qd7 28. a6 b6 29. Qd3 f5 30. Nc2 exf4 31. Bxf4 Nc7 32. Nb4 Ka8 (32... Qxb5) (32... Nxb5 33. Nd5 $18) 33. Ne3 Qxb5 34. Nc4 $18 {SF17})) 25... exf4 26. Bxf4 Rhe8 27. Be3 (27. b5 $1 axb5 (27... Qc5+ 28. Be3 Qxa3 29. bxa6 Rxe4 (29... Re7 30. e5 dxe5 31. Qf3 e4 32. Qf2 Ng4 33. Qxh4 $18)) 28. Nxb5 Nxe4 29. a6 Nb6 30. Be3 Nc5 31. Nd4 Qc7 32. Qf3 $18 {SF17}) 27... Nxe4 28. b5 Qd7 (28... axb5 29. Nxb5 Nc7 30. Bb6 Nxc3 31. Bxc7+ Qxc7 32. Qxe8 Qxa5 33. Nxc3 Bxc3 (33... Rxe8 34. Rxe8+ Kc7 35. Nd5+ Kc6 36. Re7 Kc5 37. Rc7+ Kd4 38. Rd1+ Ke4 39. Nd2+ Ke5 40. Nf3+ {mating}) 34. Qxf7 $18 {SF17}) 29. bxa6 Nxc3 30. Qf3 Nxb1 31. Rxb1 b6 32. axb6 Rxe3 (32... d5 33. b7 Rxe3 34. Qxe3 Qe8 35. Qc5 $18) 33. a7+ (33. a7+ Qxa7 (33... Kc8 34. Qxa8#) 34. bxa7+ Kc7 35. Qb7#) 1-0

[Event "Club Championship 2024/5"]
[White "Smith, Jonathan"]
[Black "Grice, Keith"]
[Site "?"]
[Round "Rd 3"]
[Annotator "Van Kemenade,Rudy"]
[Result "0-1"]
[Date "2024.11.28"]
[WhiteElo "1552"]
[BlackElo "1447"]
[PlyCount "118"]
[GameId "2117256594907656"]
[EventDate "2024.11.29"]

{[%evp 0,18,22,19,17,14,15,73,21,8,17,27,34,28,51,60,54,69,81,68,66]} 1. d4 d5 2. c4 e6 3. Nf3 Nf6 4. Nc3 Be7 5. Bg5 Nbd7 6. e3 c5 {a little risky this early} (6... O-O) (6... c6) (6... h6 {main lines}) 7. cxd5 {73% for Wh} exd5 (7... Nxd5 8. Bxe7 Qxe7 9. Nxd5 exd5 10. dxc5 Qxc5 11. Qd4 {9-3-0}) 8. dxc5 Bxc5 (8... Nxc5 9. Bb5+ Bd7 10. Bxd7+ Qxd7 11. O-O {7-5-3}) 9. Bb5 (9. Nxd5 Qa5+ 10. Nc3 Bb4 (10... Ne4 11. Qc2 Nxc3 12. bxc3 $16 {0-1}) (10... Ba3 11. Qb3 $18 {1-0}) 11. Qc2 {1-0}) 9... O-O (9... a6 10. Bxd7+ Bxd7 11. Bxf6 Qxf6 12. Qxd5 {1-0}) 10. Nxd5 (10. O-O $16 Qb6 11. Bxd7 Bxd7 12. Nxd5 Nxd5 13. Qxd5 Bc6 (13... Be6) 14. Qf5 h6 15. Bh4 Rfe8 16. Ne5 $18 {Izzo-Zechini,Milan Carnevale op 2015,1-0}) 10... Qa5+ 11. Nc3 Bb4 $11 12. Bxd7 Nxd7 (12... Bxc3+ 13. bxc3 Qxc3+ 14. Nd2 Bxd7 15. O-O $11 {expected by Wh}) 13. Qd2 (13. O-O Bxc3 14. bxc3 Ne5 15. Bf4 Nxf3+ 16. Qxf3 Qxc3 $11 {SF17}) 13... Nc5 14. O-O $2 {rather late} (14. Be7 $1 Re8 15. Bxc5 Bxc5 16. O-O Bb4 17. Rfc1 Bg4 18. Nd4 Qg5 19. Qc2 Bxc3 20. bxc3 Rac8 21. Rab1 b6 $14 {SF17- pawn movements will be difficult in such an open board, so Wh's extra one is not easy to exploit, especially since it's a centre pawn}) 14... Ne6 (14... Ne4 $1 {seen by vk- wins material as the B on g5 is loose} 15. Nxe4 (15. Qd5 Nxc3 16. Qb3 Ne4 17. Bf4 Be6 $19) 15... Bxd2 16. Nexd2 Qb6 17. b3 h6 $19 {SF17}) 15. a3 (15. Bh4 Bxc3 16. Qxc3 Qxc3 17. bxc3 f6 18. Nd4 Bd7 19. Rfd1 Nc5 $14 {Bl has a bit of play against the split Wh Q side pawns, also with the opposite colour Bs on the board}) 15... Bxc3 (15... Nxg5 $1 16. axb4 (16. Nxg5 Bxc3 17. Qxc3 Qxg5 $19) 16... Nxf3+ 17. gxf3 Qxb4 18. Rfd1 Be6 $11 {SF17}) 16. Qxc3 Qf5 {Bl should force the pawn weakness} (16... Qxc3 17. bxc3 f6 18. Bh4 Bd7 $11 {as in note to move 15; SF17 being given more time to examine now regards the position as being equal}) 17. Be7 Re8 18. Bb4 $16 (18. Bd6 $16) 18... Bd7 19. Nd4 (19. Qe5 $16) 19... Nxd4 20. Qxd4 Bc6 $14 {Bl has a lot of counterplay} (20... Re4 $14) 21. f3 a6 22. Bc3 Qg6 23. e4 Rad8 24. Qf2 Re6 25. Rad1 Rde8 (25... Rxd1 26. Rxd1 Rd6 27. Re1 (27. Rxd6 Qxd6 {frees the Bl Q for multiple chances}) 27... h6 $14 {SF17}) 26. Rfe1 (26. h4 $16) 26... Qh5 27. Re3 (27. Rd4 Qg6 28. h4 $16) 27... g5 (27... Bxe4 $5 {tries to exploit the loose R, but Wh has a tactical reply} 28. g4 Qg6 29. fxe4 Qxg4+ 30. Qg3 Qxd1+ 31. Re1 Qxe1+ 32. Qxe1 Rxe4 33. Qg3 f6 34. a4 $18 {SF17}) 28. g4 (28. h3 $18 {SF17- keeps the pawn structure a little better, for moving pawns up later}) 28... Qg6 29. Red3 $18 f6 30. Rd8 h5 31. Rxe8+ (31. h3) 31... Rxe8 32. gxh5 (32. Rd6 Rf8 33. h3 $18 {SF17}) 32... Qxh5 33. Rd6 $18 (33. Bxf6 Rxe4 34. Qg3 Re8 35. Kf2 Rf8 36. Rd8 Rxd8 37. Bxd8 Kf7 38. Bxg5 Qh8 $14 {SF17- the Wh K has to be protected with care}) 33... f5 34. Qd4 $1 Qh7 (34... Re7 35. Rd8+ Be8 36. Qf6 Qh7 37. Bb4 {SF17- and Bl loses material as the pieces are all bunched up}) 35. Qc4+ {this should be mating according to SF17} Kf8 (35... Qf7 36. Rg6+ Kf8 37. Qc5+ Re7 38. Rh6 Ke8 39. Qd6 Qg8 40. Bb4 Rh7 41. Qb8+ Kf7 42. Qc7+ Ke8 43. Qc8+ Kf7 44. Qe6+ Kg7 45. Qf6# {SF17 longest variation}) 36. Rf6+ Ke7 (36... Kg7 37. Qf7+ Kh8 38. Re6+ Qg7 39. Qxg7#) 37. Qe6+ Kd8 38. Qd6+ {allows the K to keep running} (38. Ba5+ {ends everything} b6 39. Bxb6+ Qc7 40. Qd6+ Bd7 41. Qxc7+ Ke7 42. Qd6#) 38... Kc8 (38... Qd7 39. Qb8+ Ke7 (39... Qc8 40. Ba5+ Ke7 41. Qd6#) 40. Qe5+ Kd8 41. Qa5+ Kc8 42. Qxf5 {SF17-winning with the extra pawns}) 39. Rh6 (39. Be5 {wins the exchange and exposes the K- vk & SF17} Rxe5 40. Qxe5 Qg8 41. Qe7 $18) 39... Qd7 40. exf5 (40. Qxd7+ Bxd7 (40... Kxd7 41. exf5 Bxf3 42. Rg6 g4 43. f6 Bd5 44. Rg7+ Ke6 45. Rxg4 $18) 41. e5 $18 {SF17-but it will take a while-Wh should avoid a R exchange unless it wins another pawn}) 40... Qxf5 {and suddenly Bl has got some attacking chances [Draw?]} 41. Be5 $2 {Wh replies with a blunder} (41. Rf6 Qd7 42. Qxd7+ Kxd7 43. Kf2 Rg8 $11 {SF17}) 41... Qxe5 $19 42. Qxe5 Rxe5 43. Rh8+ (43. Rf6 {Wh's chs just help the Bl K enter the game}) 43... Kd7 44. Rh7+ Kd6 45. Kf2 Rf5 46. Rh3 g4 47. Rh6+ Kd5 (47... Ke5) 48. h4 Rxf3+ 49. Ke2 Bb5+ 50. Kd2 Ke5 51. Rg6 g3 (51... Kf4 {helps the pawn advance}) 52. h5 Bd3 53. Rg5+ Kf6 (53... Kf4 54. Rg7 Be4 55. Rf7+ Kg4 56. Rg7+ Kxh5 57. Ke2 Rb3) 54. Rg4 Bh7 (54... Bf5 55. Rg8 (55. Rh4 g2) 55... Ke5 56. Re8+ Kf4 57. Rg8 Rf2+ 58. Kc3 Rh2 59. b4 g2 60. Rxg2 (60. h6 Bg4) 60... Rxg2 $19 {SF17}) 55. Ke2 Rb3 56. Rf4+ Kg7 (56... Ke5 57. Rf3 g2 {SF17}) (56... Kg5 {vk}) 57. Rg4+ Kh6 58. Rb4 Rxb4 59. axb4 Kxh5 0-1

[Event "Club Championship 2024/5"]
[White "Grocott-James, Al"]
[Black "Evans, Alf"]
[Site "?"]
[Round "Rd 3"]
[Annotator "Van Kemenade,Rudy"]
[Result "1-0"]
[Date "2024.11.28"]
[WhiteElo "1431"]
[BlackElo "1391"]
[PlyCount "37"]
[GameId "2117236267487572"]
[EventDate "2024.11.29"]

{[%evp 0,19,11,25,14,23,25,15,15,7,13,-2,-5,-39,15,2,22,21,47,6,36,28]} 1. e4 c5 2. Nf3 d6 3. d4 cxd4 4. Qxd4 {a line designed to keep the Q in a strong central position, even if it means giving up the two Bs} (4. Nxd4 {main}) 4... Nf6 (4... Nc6 5. Bb5) 5. Bg5 Nc6 6. Bb5 Bd7 7. Bxc6 Bxc6 8. Nc3 e5 $16 {71% for Wh, chases Q but leaves the Bl position more static. and static positions tend to favour Ns} (8... e6 $11 {main, 53% for Wh, leaves Bl a bit more flexible in ways of using both Bs}) 9. Qd3 Be7 10. h3 (10. O-O-O {main}) (10. Bxf6 Bxf6 11. O-O-O {Cloud Engines}) 10... O-O (10... Nxe4 11. Bxe7 Qxe7 12. Nxe4 d5 13. Ned2 e4 14. Qe3 exf3 15. Qxe7+ Kxe7 16. Nxf3 a5 $11 {SF17- relying on its defensive capacities, but Bl will have difficulties in practice with an isolated QP , and a bad B}) 11. O-O-O h6 12. Be3 {with the centre static, Wh aims for a pawnstorm on the flank} (12. Bxf6 Bxf6 13. Kb1 (13. Qxd6 Qxd6 14. Rxd6 Be7 15. Rd3 f5 16. Re1 $14) 13... Qb6 14. Qe2 $14 {SF17}) 12... a6 (12... b5 $1 {is more energetic- Bl can attack Wh's slightly more exposed Q side castling}) 13. Nh4 (13. g4 b5 (13... Bb5) 14. g5 hxg5 15. Bxg5 (15. Nxg5) 15... b4 16. Bxf6 Bxf6 (16... bxc3 $1 17. Bxe7 Qxe7 18. Rhg1 Qb7 19. Qxc3 Bxe4 $17 {SF17}) 17. Nd5 Bb5 (17... Bxd5 18. Qxd5 Qb6 19. h4 $11 {SF17}) 18. Qe3 $16 {Kornath-Klemm, Berlin Unicorn op, 2007,1-0} (18. Qd2 $14 {Cabrera Piedra-Acosta, Jose Marti Memorial Jaguey Grande 2007,1-0})) 13... Qc7 $6 {Bl is too slow to react} (13... Nxe4 $1 {usually the best response to a side attack is to openup the middle} 14. Nxe4 Bxh4 15. Nxd6 Qf6 16. Qf5 Bxg2 $1 {looks dangerous, but engines are good at defending vigourously} 17. Rhg1 Bf3 18. Rd3 Rfd8 19. Qxf6 Bxf6 20. Bxh6 e4 21. Rd2 Be5 22. Nc4 (22. Nxb7 Rxd2 23. Bxd2 e3) 22... Rxd2 23. Nxd2 f5 24. Nxf3 exf3 25. Bd2 Kf7 $15 {SF17- a messy position, it seems that Wh's pawns on f2 and h3 are vulnerable}) 14. g4 $2 {it is always tricky leaving pieces hanging in mid air} (14. Nf5 Rfd8 15. g4 $16 {is the correct move order, when Wh has a very powerful attack} d5 16. Bb6 Qxb6 17. Nxe7+ Kh8 18. exd5 Rd7 19. Nxc6 bxc6 20. d6 Qxf2 21. Rhf1 Qh4 22. Qe3 $16 {SF17}) 14... g5 $2 {and it is very dubious making unforced pawn moves when under attack, especially in the K position} (14... Nxe4 $1 $19 {SF17-makes use of the power of the two Bs} 15. Nd5 (15. Nxe4 Bxh4 16. g5 hxg5 17. Rhg1 Bxe4 18. Qxe4 f5 19. Qd5+ Rf7 20. Bxg5 Bxf2 21. Rgf1 Qc5 {SF17- the Bl pieces are far more active plus an extra pawn or two}) (15. Nf5 Nxc3 16. Qxc3 Rfc8 17. Rhg1 Bf8 $19 {SF17- Bl has a mobile centre and an extra pawn}) 15... Bxd5 16. Qxd5 Nc3 17. bxc3 Bxh4 18. Rd3 Rac8 19. Kd2 b5 $19 20. Qxd6 Qa5 21. Qb4 Qxa2 {SF17}) 15. Nf5 $18 Kh7 16. f3 (16. h4 {also}) 16... Rfd8 17. h4 Kg6 {suicidal, but Bl's K side is collapsing} (17... Bf8 18. hxg5 Ng8 19. Nd5 Qa5 20. Nf6+ Kh8 21. g6 fxg6 22. Bxh6 Nxf6 23. Bxf8+ (23. Bd2+) 23... Kg8 24. Qe3 {mating- the Bl K is too exposed and the Bl pieces are on the wrong side of the board}) 18. hxg5 hxg5 (18... Ng8 19. Nd5 Bxd5 20. exd5 {fails to defend}) 19. Rh6# 1-0